| 000 | 00370nam a2200145 4500 | ||
|---|---|---|---|
| 003 | OSt | ||
| 008 | 240702b |||||||| |||| 00| 0 eng d | ||
| 020 | _a9781857880786 | ||
| 100 | _aROBINSON, Peter | ||
| 245 |
_aSnapshots from Hell _bThe Making of an MBA |
||
| 260 |
_aLondon _bNicholas Brealey Publishing _c2005 |
||
| 300 | _a286 | ||
| 650 | _aGeneral | ||
| 942 |
_2ddc _cBK |
||
| 999 |
_c12738 _d12738 |
||